|
|
|
|
| LEADER |
00971nam a2200265 a 4500 |
| 001 |
13080776 |
| 008 |
090514s1996 si ar 0 0eng d |
| 010 |
|
|
|a 2003210309
|
| 020 |
|
|
|a 9810224109
|
| 040 |
|
|
|a CaOON
|c CaOON
|d DLC
|
| 082 |
0 |
0 |
|a 627.58
|2 20
|
| 245 |
0 |
0 |
|a Advances in coastal and ocean engineering./
|c Philip L.-F.Liu,Editor.
|
| 246 |
3 |
0 |
|a Coastal and ocean engineering
|
| 260 |
|
|
|a Singapore ;
|a New Jersey :
|b World Scientific Pub. Co.,
|c c1996-
|
| 300 |
|
|
|a xi, 276 p.:
|b ill. ;
|c 23 cm.
|
| 310 |
|
|
|a Annual
|
| 362 |
0 |
|
|a Vol. 2 (1996)-
|
| 541 |
1 |
|
|e 00014616
|
| 650 |
|
0 |
|a Coastal engineering
|v Periodicals.
|
| 650 |
|
0 |
|a Ocean engineering
|v Periodicals.
|
| 700 |
1 |
|
|a L.-F.Liu,Philip.
|
| 710 |
2 |
|
|a World Scientific (Firm).
|
| 852 |
4 |
|
|a Ayesha Abed Library
|j General shelf
|
| 999 |
|
|
|c 8951
|d 8951
|
| 952 |
|
|
|0 0
|1 0
|2 ddc
|4 0
|6 627_580000000000000_ADV_1999
|7 0
|9 10996
|a BRACUL
|b BRACUL
|c GEN
|d 2010-06-15
|l 1
|o 627.58 ADV
|p 3010014616
|r 2018-07-18
|s 2018-07-12
|t 1
|w 2010-06-15
|y BK
|